Statistics for American Idol 22 Top 24

Click here to take the quiz!

General Stats

  • This quiz has been taken 5 times
  • The average score is 10 of 24

Answer Stats

HintAnswer% Correct
--Abi Carter
75%
24-20Hailey Mia
75%
--Jack Blocker
75%
--Mia Matthews
75%
24-20Blake Proehl
50%
24-20Elleigh Marie
50%
--Jayna Elise
50%
--Julia Gagnon
50%
--KAYKO
50%
24-20K-Blocks
50%
--Nya
50%
20-14Ajii
25%
--Emmy Russell
25%
20-14Jennifer Jeffries
25%
--Jordan Anthony
25%
--Kaibrienne "KB" Richins
25%
20-14Kennedy Reid
25%
20-14Mackenzie Sol
25%
--McKenna Faith Breinholt
25%
20-14Odell Bunton Jr.
25%
20-14Quintavious
25%
--Roman Collins
25%
--Triston Harper
25%
--Will Moseley
25%

Score Distribution

Percentile by Number Answered

Percent of People with Each Score

Your Score History

You have not taken this quiz